| 000 | 00474nam a22001457a 4500 | ||
|---|---|---|---|
| 082 | _aT-40 | ||
| 100 |
_aMuhammad Zubair Ahmed _948402 |
||
| 245 |
_aComparative study of theoretically predicted behaviour and actual performance of cast-in-situ bored piles in pakistan _cMuhammad Zubair ahmed |
||
| 260 |
_aRisalpur _bMCE _c7-4-1997 |
||
| 300 |
_a240p.: _c40cm. |
||
| 526 |
_a0 _b0 _c0 _dT_40 |
||
| 650 |
_aThesis _934811 |
||
| 700 |
_aNassrullah Abeer _948403 |
||
| 942 |
_2ddc _cBK |
||
| 999 |
_c551363 _d551363 |
||